Sociolingüística
Guardat en:
| Autor principal: | |
|---|---|
| Format: | Llibre |
| Idioma: | espanyol |
| Publicat: |
Madrid
Gredos
1993
|
| Edició: | 2a. ed |
| Col·lecció: | Biblioteca Románica Hispánica. Manuales, 70
|
| Matèries: | |
| Etiquetes: |
Afegir etiqueta
Sense etiquetes, Sigues el primer a etiquetar aquest registre!
|
MARC
| LEADER | 00000nam a2200000 a 4500 | ||
|---|---|---|---|
| 001 | UCN0513 | ||
| 003 | CL-VaPUC | ||
| 008 | 010323e19930000SP |||||||||||||||||spa|d | ||
| 082 | 0 | 4 | |a 306.44 |b LOP |2 21 |
| 100 | |a López Morales, Humberto |e autor |9 520404 | ||
| 245 | 1 | 0 | |a Sociolingüística |
| 250 | |a 2a. ed | ||
| 300 | |a 310 p | ||
| 942 | |c BK | ||
| 945 | |d 20010323 00:00:00 |a vberengu | ||
| 260 | |a Madrid |b Gredos |c 1993 | ||
| 650 | 0 | |a Lingüística |9 265068 | |
| 650 | 7 | |a COMPORTAMIENTO LINGUISTICO |2 CL-VaPUC |9 336280 | |
| 650 | 7 | |a DIALECTOS |2 CL-VaPUC |9 348323 | |
| 650 | 0 | |a Sociología del lenguaje |9 316755 | |
| 583 | |a last modification |c 20010323 00:00:00 |k Rodrigo Vera | ||
| 490 | 0 | |a Biblioteca Románica Hispánica. Manuales, 70 | |
| 999 | |c 294260 |d 294258 | ||
| 952 | |0 0 |1 0 |4 0 |6 306_440000000000000_LOP_1993 |7 0 |8 A |9 346388 |a FDOPOS |b FDOPOS |d 2019-11-20 |i 3701301 |o 306.44 LOP 1993 |p 3701301 |r 2025-01-22 |w 2019-11-20 |y BK |k MLA | ||
| 952 | |0 0 |1 0 |4 0 |6 306_440000000000000_LOP_1993 |7 0 |8 A |9 346389 |a FDOPOS |b FDOPOS |d 2019-11-20 |i 3700496 |o 306.44 LOP 1993 |p 3700496 |r 2025-01-22 |w 2019-11-20 |y BK |k MLA | ||